|
|
|
|
| LEADER |
01028nam a2200349 4500 |
| 001 |
DLU050048100 |
| 005 |
##20050726 |
| 008 |
##920629s1992 maua b 001 0 eng |
| 010 |
# |
# |
|a 92025785
|
| 020 |
# |
# |
|a 0262111705
|
| 035 |
# |
# |
|9 (DLC) 92025785
|
| 040 |
# |
# |
|a DLC
|c DLC
|d DLC
|
| 050 |
# |
# |
|a QA76.6
|b .K695 1992
|
| 082 |
# |
# |
|a 006.3
|b KO-J
|
| 100 |
# |
# |
|a Koza, John R.
|
| 245 |
# |
# |
|a Genetic programming :
|b on the programming of computers by means of natural selection /
|c John R. Koza
|
| 260 |
# |
# |
|a Cambridge, Mass. :
|b MIT Press,
|c 1992
|
| 300 |
# |
# |
|a xiv, 819 p. :
|b ill. ;
|c 27 cm.
|
| 440 |
# |
# |
|a Complex adaptive systems
|
| 500 |
# |
# |
|a "A Bradford book."
|
| 504 |
# |
# |
|a Includes bibliographical references (p. [791]-804) and index.
|
| 650 |
# |
# |
|a Genetic programming (Computer science)
|
| 923 |
# |
# |
|a 21/2005
|
| 992 |
# |
# |
|a 33300
|
| 994 |
# |
# |
|a DLU
|
| 900 |
# |
# |
|a True
|
| 911 |
# |
# |
|a Nguyễn Thị Tố Hạnh
|
| 925 |
# |
# |
|a G
|
| 926 |
# |
# |
|a A
|
| 927 |
# |
# |
|a SH
|
| 980 |
# |
# |
|a Thư viện Trường Đại học Đà Lạt
|